Statistics for Dude Perfect Quiz

Click here to take the quiz!

General Stats

  • This quiz has been taken 40 times
  • The average score is 10 of 15

Answer Stats

HintAnswer% Correct
Has a Beard, wins a lot of battlesTyler
100%
Tall Guy, who talks loudCody
94%
One of The Twins, loses a ton of battlesCoby
91%
Purple Hoser, obsessed with podiumGarrett
84%
Last Name of The TwinsCotton
78%
Tall Guy Beard Twins Purple Hoser Dude Perfects in ______Overtime
75%
Tyler once said, We Got Some Good News, We Didn't Kill A ____Cow
69%
Host Of Wheel UnfortunateNed Forrester
69%
DP EditorTim
63%
Dude Perfects First Video ________ trickshotsBackyard
56%
DP EditorChad
53%
One if The Twins, Unlucky in Wheel UnfortunateCorey
44%
What animal did DP do a trickshot video with Trickshots with ____Cats
41%
Special Guest On DP, Pro Frisbee PlayerBrodie Smith
38%
Jerry once said, Ya do it for the ______Honeys
19%

Score Distribution

Percentile by Number Answered

Percent of People with Each Score

Your Score History

You have not taken this quiz